Państwa najbliższe Bułgarii - Sprint jednominutowy - Statystyki

Ogólne statystyki
  • Ten quiz został rozwiązany 147 razy
  • Średni wynik to 15 z 20
Statystyki odpowiedzi
km kraj % Poprawnych
0 Rumunia
95%
0 Serbia
92%
0 Grecja
90%
0 Turcja
87%
0 Macedonia Północna
84%
315 Chorwacja
82%
258 Węgry
81%
164 Mołdawia
80%
148 Ukraina
80%
533 Polska
78%
0 Kosowo
76%
221 Bośnia i Hercegowina
75%
148 Albania
73%
175 Czarnogóra
72%
497 Słowacja
70%
535 Słowenia
69%
640 Czechy
67%
358 Rosja
64%
570 Austria
53%
400 Włochy
50%
Nie znaleziono quizów pasujących do podanych kryteriów
Rozkład punktacji
Procent ludzi z każdym wynikiem
Percentyl według liczby udzielonych odpowiedzi
Twoja historia wyników
Nie rozwiązałeś tego quizu